[Event "POL-ch U14 Girls"]
[Site "Uniejow"]
[Date "2021.07.21"]
[Round "5"]
[White "Bar, Klaudia"]
[Black "Grzesik, Nikola"]
[Result "0-1"]
[WhiteElo "1439"]
[BlackElo "1342"]
[PlyCount "108"]
[EventDate "2021.07.18"]
[EventType "swiss"]
[EventRounds "9"]
[EventCountry "POL"]
[SourceTitle "EXT 2022"]
[Source "ChessBase"]
[SourceDate "2021.10.06"]
[SourceVersion "1"]
[SourceVersionDate "2021.10.06"]
[SourceQuality "1"]

1. e4 c5 2. Nf3 Nc6 3. d3 g6 4. g3 Bg7 5. Bg2 d6 6. 0-0 Nf6 7. c3 e5 8. Re1 0-0 9. d4 cxd4 10. cxd4 Nxd4 11. Nxd4 exd4 12. Qxd4 Ng4 13. Qd1 Qb6 14. Qe2 Bd4 15. Rf1 f5 16. e5 Re8 17. Bd5+ Kg7 18. e6 Qc5 19. Bb3 Nxf2 20. Kg2 Bd7 21. h3 Bb5 22. Qd2 Bxf1+ 23. Kxf1 Ne4 24. Qh6+ Kh8 25. Kg2 Bg1 26. Qf4 Bd4 27. Nd2 Nxd2 28. Bxd2 Qc6+ 29. Kh2 Be5 30. Qf2 d5 31. Rc1 Qxe6 32. Rc5 Bxb2 33. Rxd5 Qe2 34. Kg1 Qxf2+ 35. Kxf2 Rad8 36. Be3 Rxd5 37. Bxd5 b6 38. Bh6 Bg7 39. Be3 Rd8 40. Bb3 Bd4 41. h4 Kg7 42. Kf3 Bxe3 43. Kxe3 Kf6 44. a4 Ke5 45. Bf7 Rd7 46. Bg8 h6 47. Bc4 Rc7 48. Bb5 Rc3+ 49. Kf2 g5 50. hxg5 hxg5 51. Bd7 Rc2+ 52. Ke3 g4 53. Bb5 Rg2 54. Bf1 Rxg3+ 0-1

[Event "POL-chT U20 2nd League"]
[Site "Szczyrk"]
[Date "2017.07.26"]
[Round "6.52"]
[White "Bar, Klaudia"]
[Black "Syrkiewicz, Michal"]
[Result "1-0"]
[WhiteElo "1185"]
[BlackElo "1469"]
[PlyCount "89"]
[EventDate "2017.07.22"]
[EventType "team-swiss"]
[EventRounds "11"]
[EventCountry "POL"]
[SourceTitle "EXT 2019"]
[Source "ChessBase"]
[SourceDate "2018.10.10"]
[SourceVersion "1"]
[SourceVersionDate "2018.10.10"]
[SourceQuality "1"]

1. e4 e6 2. d3 d5 3. Nd2 Nf6 4. Ngf3 c5 5. Be2 Nc6 6. 0-0 Be7 7. Re1 0-0 8. c3 b6 9. e5 Nd7 10. d4 Qc7 11. Nf1 h6 12. Ng3 cxd4 13. cxd4 Nb4 14. Bd2 Ba6 15. Rc1 Qb7 16. Bxb4 Bxe2 17. Rxe2 Bxb4 18. a3 Be7 19. Rec2 Rfc8 20. Ne2 b5 21. b4 Nb6 22. Rxc8+ Rxc8 23. Rxc8+ Qxc8 24. Qb3 Qc4 25. Qe3 a6 26. Nd2 Qa2 27. h3 Qc2 28. Nb3 Nc4 29. Qf3 Nxa3 30. Nc5 Qb1+ 31. Kh2 Qxb4 32. Nxa6 Qa5 33. Nc5 Nc4 34. Nb3 Qa4 35. Qg3 Qa2 36. Nf4 Bg5 37. Nh5 Nd2 38. Nxd2 Qxd2 39. h4 g6 40. hxg5 gxh5 41. gxh6+ Kf8 42. h7 Qh6 43. Qg8+ Ke7 44. h8Q Qf4+ 45. Qg3 1-0